000 00617nam a2200217Ia 4500
003 OSt
005 20221007071759.0
006 a|||||r|||| 00| 0
007 ta
008 221006b |||||||| |||| 00| 0 eng d
024 _a25,819
037 _cReports / Technical Reports
040 _aFLL
_cFLL
_beng
041 _2eng
_aeng
082 _aX:952:Z3qN2, F3
245 0 _aAdministration of the trade boards acts
260 _aLondon
_bHis Majesty's Stationery Office UK
_c1923
300 _a21p
_ccm.
942 _hX:952:Z3qN2, F3
_cREP
_2CC
999 _c1144309
_d1144309